Départements français traversés par la Loire - Statistiques

Statistiques générales
  • Ce quiz a été pris 472 fois
  • Le résultat moyen est 10 sur 12
Statistiques - réponses
Département % Correct
3 Loire
99%
12 Loire-Atlantique
95%
8 Loiret
94%
2 Haute-Loire
90%
10 Indre-et-Loire
83%
11 Maine-et-Loire
83%
9 Loir-et-Cher
78%
7 Cher
76%
5 Allier
71%
4 Saône-et-Loire
71%
6 Nièvre
66%
1 Ardèche
60%
Aucun quiz correspondant
Distribution des résultats
% des personnes avec chaque résultat
Percentile par nombre de réponses
Votre historique - résultats
Vous n’avez pas pris ce quiz